| Record ID | marc_records_scriblio_net/part25.dat:10716491:746 |
| Source | Scriblio |
| Download Link | /show-records/marc_records_scriblio_net/part25.dat:10716491:746?format=raw |
LEADER: 00746pam 2200229 a 4500
001 95024936
003 DLC
005 19960222120024.6
008 950731s1995 cau b 001 0 eng
010 $a 95024936
020 $a096227139X
040 $aDLC$cDLC$dDLC
050 00 $aBT876$b.E54 1995
082 00 $a236/.9$220
100 1 $aEngleman, Dennis Eugene,$d1948-
245 10 $aUltimate things :$ban Orthodox Christian perspective on the end times /$cby Dennis Eugene Engleman.
260 $aBen Lomond, Calif. :$bConciliar Press,$cc1995.
300 $a296 p. ;$c22 cm.
504 $aIncludes bibliographical references (p. 281-284) and index.
650 0 $aEnd of the world.
650 0 $aEschatology.
610 20 $aOrthodox Eastern Church$xDoctrines.